000 00873 a2200241 4500
005 20180312142005.0
008 140729s1999 ck a gr|||| 00| j spa d
020 _a958050413X
040 _aCO-BoUCM
_bspa
_cJose A. Gerena
_dJose A. Gerena
041 _aspa
245 0 0 _aAladino y la lámpara maravillosa
_cInstituto distrital de cultura y turismo, Bogotá
250 _a9a ed
260 _aBogotá (Colombia)
_bEducar
_c1999
300 _a24 páginas
_bilustraciones a color
490 _aLa biblioteca de los niños
650 7 _918516
_aLibros ilustrados para niños
650 7 _918606
_aLiteratura árabe
650 7 _918654
_aLiteratura fantástica
690 _942867
_aLiteratura oriental
710 1 _aBogotá
_bInstituto Distrital de Cultura y Turismo
_963400
942 _a12
_cLIBRO
_e1
_mA316
_2DEWEY
_h892.7
_n0
999 _c240582
_d240582